<?xml version="1.0" encoding="UTF-8"?>
<record
    xmlns:xsi="http://www.w3.org/2001/XMLSchema-instance"
    xsi:schemaLocation="http://www.loc.gov/MARC21/slim http://www.loc.gov/standards/marcxml/schema/MARC21slim.xsd"
    xmlns="http://www.loc.gov/MARC21/slim">

  <leader>00815nam a2200241 a 4500</leader>
  <controlfield tag="001">27077</controlfield>
  <controlfield tag="003">(BD-RjUL)</controlfield>
  <controlfield tag="005">20211209051117.0</controlfield>
  <controlfield tag="008">140324r19651963uk b    001 0 en1 d</controlfield>
  <datafield tag="035" ind1=" " ind2=" ">
    <subfield code="a">(BD-RjUL)27148</subfield>
  </datafield>
  <datafield tag="040" ind1=" " ind2=" ">
    <subfield code="a">MUM</subfield>
    <subfield code="c">MUM</subfield>
    <subfield code="d">OCL</subfield>
    <subfield code="d">BD-RjUL</subfield>
    <subfield code="d">BD-RjUL</subfield>
    <subfield code="b">eng</subfield>
  </datafield>
  <datafield tag="041" ind1=" " ind2=" ">
    <subfield code="a">eng</subfield>
  </datafield>
  <datafield tag="082" ind1=" " ind2=" ">
    <subfield code="a">959.7</subfield>
    <subfield code="b">FAT  1965</subfield>
  </datafield>
  <datafield tag="090" ind1=" " ind2=" ">
    <subfield code="a">DS557.A5</subfield>
    <subfield code="b">F34 1984</subfield>
  </datafield>
  <datafield tag="100" ind1="1" ind2=" ">
    <subfield code="a">Fall, Bernard B.,</subfield>
    <subfield code="d">1926-1967.</subfield>
    <subfield code="9">83160</subfield>
  </datafield>
  <datafield tag="245" ind1="1" ind2="4">
    <subfield code="a">The two Viet-Nams :</subfield>
    <subfield code="b">a political and military analysis /</subfield>
    <subfield code="c">Bernard B. Fall</subfield>
  </datafield>
  <datafield tag="250" ind1=" " ind2=" ">
    <subfield code="a">1st ed.</subfield>
  </datafield>
  <datafield tag="260" ind1=" " ind2=" ">
    <subfield code="a">London :</subfield>
    <subfield code="b">Pall Mall,</subfield>
    <subfield code="c">1963 [Rrinted 1965]</subfield>
  </datafield>
  <datafield tag="300" ind1=" " ind2=" ">
    <subfield code="a">xii, 498 p :</subfield>
    <subfield code="b">ill., maps ;</subfield>
    <subfield code="c">22 cm.</subfield>
  </datafield>
  <datafield tag="504" ind1=" " ind2=" ">
    <subfield code="a">Bibliographical references included in "Notes" (p. 449-478). Bibliography: p. 481-484 &amp; Includes index: p.487-493.</subfield>
  </datafield>
  <datafield tag="651" ind1=" " ind2="0">
    <subfield code="a">Vietnam</subfield>
    <subfield code="x">History.</subfield>
    <subfield code="9">83161</subfield>
  </datafield>
  <datafield tag="942" ind1=" " ind2=" ">
    <subfield code="2">ddc</subfield>
    <subfield code="c">BK</subfield>
  </datafield>
  <datafield tag="999" ind1=" " ind2=" ">
    <subfield code="c">27077</subfield>
    <subfield code="d">27077</subfield>
  </datafield>
  <datafield tag="952" ind1=" " ind2=" ">
    <subfield code="0">0</subfield>
    <subfield code="1">0</subfield>
    <subfield code="2">ddc</subfield>
    <subfield code="4">0</subfield>
    <subfield code="7">2</subfield>
    <subfield code="8">NFIC</subfield>
    <subfield code="a">RUCL</subfield>
    <subfield code="b">RUCL</subfield>
    <subfield code="c">Reading</subfield>
    <subfield code="d">1989-09-05</subfield>
    <subfield code="e">zeithinger</subfield>
    <subfield code="g">75.00</subfield>
    <subfield code="l">0</subfield>
    <subfield code="o">959.7 FAT  1965</subfield>
    <subfield code="r">2014-03-24 00:00:00</subfield>
    <subfield code="t">C-1</subfield>
    <subfield code="w">2014-03-24</subfield>
    <subfield code="y">BK</subfield>
  </datafield>
</record>
